| 000 | 00379nam a2200157Ia 4500 | ||
|---|---|---|---|
| 100 | _aTeixeria/Pedro | ||
| 650 | _aJava Script | ||
| 942 | _cBK | ||
| 366 | _f25 | ||
| 654 | _aNode.js | ||
| 245 | _aProfessional Node .js:Building Java Script based scalable software | ||
| 260 |
_bWiley India _c2013 |
||
| 082 |
_a005.133J _bTEI |
||
| 300 | _a371 | ||
| 546 |
_aENGLISH _cComputers |
||
| 999 |
_c23445 _d23445 |
||